<?xml version="1.0" encoding="UTF-8"?>
<record
    xmlns:xsi="http://www.w3.org/2001/XMLSchema-instance"
    xsi:schemaLocation="http://www.loc.gov/MARC21/slim http://www.loc.gov/standards/marcxml/schema/MARC21slim.xsd"
    xmlns="http://www.loc.gov/MARC21/slim">

  <leader>00559nam a22001457a 4500</leader>
  <datafield tag="999" ind1=" " ind2=" ">
    <subfield code="c">4880</subfield>
    <subfield code="d">4880</subfield>
  </datafield>
  <controlfield tag="005">20260630170905.0</controlfield>
  <controlfield tag="008">260630b           ||||| |||| 00| 0 eng d</controlfield>
  <datafield tag="040" ind1=" " ind2=" ">
    <subfield code="c">ENA</subfield>
  </datafield>
  <datafield tag="100" ind1=" " ind2=" ">
    <subfield code="9">6364</subfield>
    <subfield code="a">Mu&#xF1;oz y Rivero, Jes&#xFA;s </subfield>
  </datafield>
  <datafield tag="245" ind1=" " ind2=" ">
    <subfield code="a">Paleograf&#xED;a popular :</subfield>
    <subfield code="b">arte de leer los documentos antiguos escritos en castellano /</subfield>
    <subfield code="c">por D. Jes&#xFA;s Mu&#xF1;oz y Rivero</subfield>
    <subfield code="h">[Recurso electr&#xF3;nico]</subfield>
  </datafield>
  <datafield tag="260" ind1=" " ind2=" ">
    <subfield code="a">Madrid:</subfield>
    <subfield code="b">Librer&#xED;a de la viuda de Hernando y C.,</subfield>
    <subfield code="c">1886</subfield>
  </datafield>
  <datafield tag="300" ind1=" " ind2=" ">
    <subfield code="a">268 p.</subfield>
  </datafield>
  <datafield tag="856" ind1=" " ind2=" ">
    <subfield code="u">https://archive.org/details/paleografiapopul00muno/page/n7/mode/2up</subfield>
  </datafield>
  <datafield tag="942" ind1=" " ind2=" ">
    <subfield code="c">RELEC</subfield>
  </datafield>
</record>
